Nociones de física y química /

Guardado en:
Autor Principal: Maiztegui, Alberto P.
Otros Autores: Boido, Guillermo, López, Marcelo
Formato: Libro
Publicado: Buenos Aires : Kapelusz, 2001
Materias:
Etiquetas: Agregar Etiqueta
Sin Etiquetas, Sea el primero en etiquetar este registro!
LEADER 01137nam a22002175a 4500
001 CEM.cems017813
005 20120704100645.0
008 130507s2001##################000#0#####d
003 CEMS
020 |a 9501324176 
082 0 4 |a 541 
100 1 |a Maiztegui, Alberto P. 
245 1 0 |a Nociones de física y química /  |c Alberto P. Maiztegui, Guillermo Boido y Marcelo López 
260 |a Buenos Aires :  |b Kapelusz,  |c 2001 
300 |a 252 p. 
505 0 |a Ciencia y tecnología en el mundo moderno -- Algo fundamental: medir -- La masa y el peso -- Conservación de la masa y la energía -- La clasificación de los materiales -- Las reacciones químicas y las soluciones -- La teoría atómica de la materia -- La teoría atómica y los cambios de estado -- Gravitación -- Fuerzas y movimiento -- Movimiento circular de un punto material y movimiento de rotación de un cuerpo -- Energía cinética y potencial gravitatoria -- La ciencia y la tecnología en el mundo moderno 
653 |a Física 
653 |a Química 
700 1 |a Boido, Guillermo 
700 1 |a López, Marcelo 
859 |a CEMS  |b BIB. CEMS - Agricultura  |h 541  |i M288  |p A1570.12  |t Ej.1